000 00682cam a22001691 4500
082 0 _a355.42
_bSWI
_cL-30,P-56
100 1 _aSwinton, E. D.
_937962
245 1 4 _aThe defence of Duffer's Drift;
_ba few experiences in field defence for detached posts which may prove useful in our next war.
250 _aNew ed.
260 _aOxford,
_bG. Ronald
_c[1949]
300 _a62 p.
_bmaps.
_c21 cm.
500 _a"Originally printed in the United service magazine (now incorporated in the Army quarterly) under the pseudonym Backsight Forethought."
526 _a0
_b0
_c0
_d355_420000000000000_SWI
650 0 _aMCE
_9379
650 0 _aSouth African War, 1899-1902
_937963
942 _2ddc
_cBK
999 _c542686
_d542686